[Event "DFMM-LV"]
[Site "Braunfels"]
[Date "2013.05.31"]
[Round "3.7"]
[White "Zahn, Nicol"]
[Black "Naipal, Victoria"]
[Result "1-0"]
[WhiteElo "1933"]
[BlackElo "1816"]
[PlyCount "101"]
[EventDate "2013.05.30"]
[EventType "team-swiss"]
[EventCountry "GER"]
[WhiteTeam "Hessen"]
[BlackTeam "Hamburg"]
[WhiteTeamCountry "GER"]
[BlackTeamCountry "GER"]

1. e4 c5 2. Nf3 d6 3. Bb5+ Bd7 4. Bxd7+ Nxd7 5. O-O g6 6. c3 Bg7 7. d4 Ngf6 8.
Qe2 e5 9. dxe5 dxe5 10. c4 O-O 11. Nc3 Qe7 12. b3 Rad8 13. Bb2 Nb8 14. Nd5 Nxd5
15. exd5 e4 16. Bxg7 Kxg7 17. Rae1 f5 18. Qb2+ Qf6 19. Qxf6+ Kxf6 20. Nd2 Rfe8
21. Re3 Nd7 22. f3 exf3 23. Rxe8 Rxe8 24. Nxf3 Re2 25. Rf2 Rxf2 26. Kxf2 Ne5
27. Nxe5 Kxe5 28. a3 b5 29. a4 bxc4 30. bxc4 a5 31. h4 h6 32. Kf3 g5 33. g3 g4+
34. Ke3 h5 35. Kf2 Kd6 36. Ke2 Ke7 37. Ke3 Kf7 38. Kf4 Kf6 39. d6 Ke6 40. d7
Kxd7 41. Kxf5 Kd6 42. Kf6 Kd7 43. Ke5 Kc7 44. Kd5 Kb6 45. Kd6 Kb7 46. Kxc5 Kc7
47. Kb5 Kd6 48. Kb6 Kd7 49. c5 Kc8 50. Kc6 Kb8 51. Kd7 1-0

[Event "DFMM-LV"]
[Site "Braunfels"]
[Date "2013.05.31"]
[Round "3.8"]
[White "Neumann, Ramona"]
[Black "Storkebaum, Ulrike"]
[Result "0-1"]
[WhiteElo "1717"]
[BlackElo "1847"]
[PlyCount "104"]
[EventDate "2013.05.30"]
[EventType "team-swiss"]
[EventCountry "GER"]
[WhiteTeam "Hamburg"]
[BlackTeam "Hessen"]
[WhiteTeamCountry "GER"]
[BlackTeamCountry "GER"]

1. e4 e5 2. Nf3 Nc6 3. Bc4 Nf6 4. d3 Bc5 5. c3 O-O 6. O-O d6 7. b4 Bb6 8. a4 a5
9. b5 Ne7 10. Be3 c5 11. bxc6 bxc6 12. Bxb6 Qxb6 13. Nbd2 Bg4 14. Qc2 d5 15.
exd5 cxd5 16. Bb5 Ng6 17. Rfe1 Qd6 18. h3 Bd7 19. c4 Rfc8 20. Qb2 Re8 21. cxd5
Qxd5 22. Bc4 Qd6 23. Ne4 Nxe4 24. dxe4 Rab8 25. Qa2 Qf6 26. Nd2 Nf4 27. Re3 h5
28. Nb3 h4 29. Kh1 Rb4 30. Bb5 Bxb5 31. axb5 Rxb5 32. Nxa5 Ra8 33. Ra3 Qg6 34.
Rg1 Qxe4 35. f3 Qf5 36. Rb1 Rab8 37. Rab3 Rxb3 38. Nxb3 Nxh3 39. Nc5 Nf4 40.
Ne4 h3 41. g4 Qe6 42. Qc2 Rc8 43. Qh2 f6 44. Nf2 Qc6 45. Qg3 Qc3 46. Rf1 Kf7
47. Ne4 Qd3 48. Re1 Rc2 49. Nf2 Qd2 50. Rf1 Qe2 51. Kg1 h2+ 52. Qxh2 Qxf3 0-1

[Event "DFMM-LV"]
[Site "Braunfels"]
[Date "2013.05.31"]
[Round "3.1"]
[White "Zimmer, Elke"]
[Black "Kaulfuss, Christa"]
[Result "1-0"]
[WhiteElo "1926"]
[BlackElo "1861"]
[PlyCount "65"]
[EventDate "2013.05.30"]
[EventType "team-swiss"]
[EventCountry "GER"]
[WhiteTeam "Saarland"]
[BlackTeam "Hessen II"]
[WhiteTeamCountry "GER"]
[BlackTeamCountry "GER"]

1. e4 Nc6 2. d4 e5 3. c3 d5 4. dxe5 dxe4 5. Qxd8+ Nxd8 6. Bf4 Bf5 7. Ne2 Ne6 8.
Bg3 h6 9. Nd2 O-O-O 10. O-O-O g5 11. h3 Bg7 12. Nb3 Ne7 13. Ned4 Nf4 14. Bxf4
gxf4 15. Bc4 Bg6 16. e6 f5 17. Ne2 Be5 18. Nc5 Bd6 19. Nd7 Nc6 20. Nd4 Nxd4 21.
Rxd4 Be8 22. Nf6 Bc6 23. Nd5 Bxd5 24. Rxd5 Rhf8 25. Rhd1 Be7 26. Rd7 Rfe8 27.
Kc2 c6 28. a4 Bh4 29. a5 a6 30. g3 fxg3 31. fxg3 Bxg3 32. Rxd8+ Rxd8 33. e7 1-0

[Event "DFMM-LV"]
[Site "Braunfels"]
[Date "2013.05.31"]
[Round "3.3"]
[White "Noll, Sonja"]
[Black "Krausse, Vanessa"]
[Result "1-0"]
[WhiteElo "1844"]
[BlackElo "1576"]
[PlyCount "69"]
[EventDate "2013.05.30"]
[EventType "team-swiss"]
[EventCountry "GER"]
[WhiteTeam "Saarland"]
[BlackTeam "Hessen II"]
[WhiteTeamCountry "GER"]
[BlackTeamCountry "GER"]

1. e4 c5 2. Bc4 d6 3. c3 Nf6 4. d3 Nc6 5. a3 g6 6. Bg5 Bg7 7. f4 O-O 8. Nf3 Qb6
9. Qc2 Bg4 10. Nbd2 e6 11. O-O d5 12. e5 Nh5 13. Ba2 h6 14. Bh4 Nxf4 15. Ne1
Bxe5 16. h3 Bf5 17. g4 Nxh3+ 18. Kg2 Bxg4 19. Nef3 Bxf3+ 20. Kxh3 Bh5 21. Bf2
d4 22. Nc4 Qd8 23. Nxe5 Nxe5 24. Qd2 Qg5 25. Qxg5 hxg5 26. cxd4 cxd4 27. Bxd4
Nxd3 28. Bc4 Nf4+ 29. Kh2 Be2 30. Bxe2 Nxe2 31. Bf6 g4 32. Rae1 a6 33. Rxe2
Rac8 34. Kg3 Rc4 35. Rh1 1-0

[Event "DFMM-LV"]
[Site "Braunfels"]
[Date "2013.05.31"]
[Round "3.4"]
[White "Hauk, Viktoria"]
[Black "Ramm, Madlen"]
[Result "0-1"]
[WhiteElo "1469"]
[BlackElo "1532"]
[PlyCount "82"]
[EventDate "2013.05.30"]
[EventType "team-swiss"]
[EventCountry "GER"]
[WhiteTeam "Hessen II"]
[BlackTeam "Saarland"]
[WhiteTeamCountry "GER"]
[BlackTeamCountry "GER"]

1. d4 d5 2. Nf3 c6 3. Bf4 Bf5 4. e3 Nf6 5. c4 e6 6. a3 Nbd7 7. Be2 Qa5+ 8. Nbd2
Be7 9. O-O O-O 10. b4 Qd8 11. Nb3 dxc4 12. Bxc4 Nb6 13. Bd3 Bxd3 14. Qxd3 Nh5
15. Bg3 Nxg3 16. hxg3 Bf6 17. Nc5 Qc7 18. Ne4 Nd7 19. Nxf6+ Nxf6 20. Rae1 Rad8
21. Rc1 Rfe8 22. e4 h6 23. Ne5 Qxe5 24. dxe5 Rxd3 25. exf6 Rxa3 26. fxg7 Rd8
27. Rfd1 Rad3 28. Rxd3 Rxd3 29. f3 Kxg7 30. Kf1 Kf6 31. Ke2 Rd4 32. Rb1 Kg5 33.
Ke3 Rd8 34. Rh1 h5 35. Rc1 Kf6 36. Rc5 Rh8 37. Kf4 h4 38. g4 h3 39. gxh3 Rxh3
40. Rh5 Rxh5 41. gxh5 e5+ 0-1

[Event "DFMM-LV"]
[Site "Braunfels"]
[Date "2013.05.31"]
[Round "3.5"]
[White "Weinmann, Helene"]
[Black "Schardt, Madeleine"]
[Result "1/2-1/2"]
[WhiteElo "1681"]
[BlackElo "1478"]
[PlyCount "56"]
[EventDate "2013.05.30"]
[EventType "team-swiss"]
[EventCountry "GER"]
[WhiteTeam "Saarland"]
[BlackTeam "Hessen II"]
[WhiteTeamCountry "GER"]
[BlackTeamCountry "GER"]

1. d4 d5 2. Nf3 Nf6 3. e3 c6 4. Bd3 Bg4 5. c3 e6 6. Nbd2 Bd6 7. e4 dxe4 8. Nxe4
Nxe4 9. Bxe4 O-O 10. O-O f5 11. Bd3 Qc7 12. Qe2 Re8 13. g3 Nd7 14. Kg2 Nf6 15.
Qc2 Bxf3+ 16. Kxf3 c5 17. Kg2 cxd4 18. cxd4 Qxc2 19. Bxc2 Rac8 20. Ba4 Re7 21.
Bg5 Kf7 22. Bb3 h6 23. Be3 Nd5 24. Bd2 g5 25. Rfe1 Nb4 26. Bc3 Nd5 27. Bxd5
exd5 28. Rxe7+ Kxe7 1/2-1/2

[Event "DFMM-LV"]
[Site "Braunfels"]
[Date "2013.05.31"]
[Round "3.6"]
[White "Schneider, Stefanie"]
[Black "Alt, Barbara"]
[Result "1/2-1/2"]
[WhiteElo "1207"]
[BlackElo "1212"]
[PlyCount "46"]
[EventDate "2013.05.30"]
[EventType "team-swiss"]
[EventCountry "GER"]
[WhiteTeam "Hessen II"]
[BlackTeam "Saarland"]
[WhiteTeamCountry "GER"]
[BlackTeamCountry "GER"]

1. e4 Nc6 2. d4 d5 3. e5 f6 4. f4 Bf5 5. Nc3 e6 6. Bd3 Nh6 7. Qh5+ g6 8. Qh4
Nxd4 9. Nge2 fxe5 10. Qxd8+ Rxd8 11. fxe5 Nxc2+ 12. Bxc2 Bxc2 13. Bg5 Rd7 14.
Bf6 Rg8 15. Nd4 Bf5 16. Rc1 Bg7 17. Ncb5 Bxf6 18. exf6 Kf7 19. Nxc7 Kxf6 20.
O-O Ng4 21. Ncxe6 Re8 22. Nxf5 gxf5 23. Nd4 Re5 1/2-1/2

[Event "DFMM-LV"]
[Site "Braunfels"]
[Date "2013.05.31"]
[Round "3.7"]
[White "Tinnes, Marie Christine"]
[Black "Saul, Lydia K"]
[Result "1/2-1/2"]
[WhiteElo "1116"]
[BlackElo "1142"]
[PlyCount "66"]
[EventDate "2013.05.30"]
[EventType "team-swiss"]
[EventCountry "GER"]
[WhiteTeam "Saarland"]
[BlackTeam "Hessen II"]
[WhiteTeamCountry "GER"]
[BlackTeamCountry "GER"]

1. d4 e6 2. Nf3 Nf6 3. g3 d5 4. Bg2 Be7 5. O-O O-O 6. Nbd2 c5 7. e3 cxd4 8.
exd4 Nc6 9. a3 Qc7 10. c4 dxc4 11. Nxc4 Rd8 12. Bf4 Qd7 13. Be3 Nd5 14. Nfe5
Nxe5 15. Nxe5 Qb5 16. Qc2 Bf6 17. Rad1 Re8 18. Be4 g6 19. Ng4 Bg7 20. Bg5 f5
21. Nh6+ Bxh6 22. Bd3 Qb6 23. Bxh6 Bd7 24. Be2 Rac8 25. Qd2 Ba4 26. Rc1 Rc6 27.
Rxc6 Bxc6 28. Bf3 Rd8 29. Qe2 Bb5 30. Qe5 Rd7 31. Qb8+ Rd8 32. Qe5 Rd7 33. Re1
Re7 1/2-1/2

[Event "DFMM-LV"]
[Site "Braunfels"]
[Date "2013.05.31"]
[Round "3.8"]
[White "Wallrabenstein, Sonja"]
[Black "Lassotta, Anja"]
[Result "0-1"]
[WhiteElo "1039"]
[BlackElo "878"]
[PlyCount "56"]
[EventDate "2013.05.30"]
[EventType "team-swiss"]
[EventCountry "GER"]
[WhiteTeam "Hessen II"]
[BlackTeam "Saarland"]
[WhiteTeamCountry "GER"]
[BlackTeamCountry "GER"]

1. g3 d5 2. Bg2 Bf5 3. Nf3 Qd7 4. O-O Nc6 5. d3 O-O-O 6. b3 Bh3 7. c4 Nf6 8.
Bxh3 Qxh3 9. Ng5 Qh5 10. Nf3 Qh3 11. Ng5 Qh5 12. Nf3 h6 13. Kg2 g5 14. Bb2 Qg6
15. Bxf6 Qxf6 16. Nbd2 Rg8 17. cxd5 Rxd5 18. Qc2 h5 19. Ne4 Qe6 20. Qd2 Bh6 21.
Qc3 h4 22. Ng1 h3+ 23. Nxh3 g4 24. Nf4 Bxf4 25. gxf4 Qh6 26. e3 Qh3+ 27. Kh1
Rh5 28. Ng5 Qxh2# 0-1

[Event "DFMM-LV"]
[Site "Braunfels"]
[Date "2013.05.31"]
[Round "3.1"]
[White "Kashlinskaya, Alina"]
[Black "Zschischang, Marine"]
[Result "1-0"]
[WhiteElo "2329"]
[BlackElo "2099"]
[PlyCount "107"]
[EventDate "2013.05.30"]
[EventType "team-swiss"]
[EventCountry "GER"]
[WhiteTeam "Wuerttemberg"]
[BlackTeam "Niedersachsen"]
[WhiteTeamCountry "GER"]
[BlackTeamCountry "GER"]

1. d4 d5 2. c4 e6 3. Nc3 c6 4. e4 dxe4 5. Nxe4 Bb4+ 6. Bd2 Qxd4 7. Bxb4 Qxe4+
8. Be2 Nd7 9. Nf3 c5 10. Bc3 Ngf6 11. Qd6 Qg6 12. Qf4 O-O 13. O-O-O Qe4 14. Qd2
Qc6 15. Qg5 h6 16. Qg3 Nh5 17. Qh4 Nhf6 18. Bd3 Qc7 19. Rhe1 b6 20. Ne5 Bb7 21.
Nxd7 Nxd7 22. Qg4 g5 23. Rxe6 Qxh2 24. Re3 Qf4 25. Qxd7 Bxg2 26. Qf5 Qxf5 27.
Bxf5 Rfe8 28. Rd6 Rxe3 29. fxe3 Kf8 30. Rxh6 Ke7 31. Be5 Rg8 32. Bf6+ Kd6 33.
Bh7 Re8 34. Bxg5+ Re6 35. Bf4+ Ke7 36. Rxe6+ Kxe6 37. e4 Kd7 38. Bf5+ Kc6 39.
Kd2 a5 40. Ke2 b5 41. cxb5+ Kxb5 42. Kf2 Bh1 43. Ke3 Kc6 44. Bh3 a4 45. Bf1 a3
46. bxa3 f5 47. exf5 Bd5 48. f6 Bxa2 49. Ke4 Bf7 50. Ke5 Kd7 51. Bh3+ Ke8 52.
Be6 c4 53. Bxf7+ Kxf7 54. Bd2 1-0

[Event "DFMM-LV"]
[Site "Braunfels"]
[Date "2013.05.31"]
[Round "3.2"]
[White "Diederichs, Luise"]
[Black "Gheng, Simona"]
[Result "1/2-1/2"]
[WhiteElo "1906"]
[BlackElo "2025"]
[PlyCount "40"]
[EventDate "2013.05.30"]
[EventType "team-swiss"]
[EventCountry "GER"]
[WhiteTeam "Niedersachsen"]
[BlackTeam "Wuerttemberg"]
[WhiteTeamCountry "GER"]
[BlackTeamCountry "GER"]

1. c4 c5 2. Nc3 Nc6 3. d3 g6 4. g3 Bg7 5. Bg2 e6 6. e4 Nge7 7. Nge2 O-O 8. O-O
d6 9. Be3 Nd4 10. Qd2 a6 11. Rab1 Nec6 12. a3 Rb8 13. b4 cxb4 14. axb4 b5 15.
Nxd4 Nxd4 16. Ne2 Nxe2+ 17. Qxe2 Bb7 18. Rfc1 Qd7 19. f4 Rfc8 20. Bf2 Bf8
1/2-1/2

[Event "DFMM-LV"]
[Site "Braunfels"]
[Date "2013.05.31"]
[Round "3.3"]
[White "Gusakovskaya, Yana"]
[Black "Sieber, Fiona"]
[Result "0-1"]
[WhiteElo "2065"]
[BlackElo "1836"]
[PlyCount "64"]
[EventDate "2013.05.30"]
[EventType "team-swiss"]
[EventCountry "GER"]
[WhiteTeam "Wuerttemberg"]
[BlackTeam "Niedersachsen"]
[WhiteTeamCountry "GER"]
[BlackTeamCountry "GER"]

1. e4 c5 2. c3 Nf6 3. e5 Nd5 4. Nf3 e6 5. d4 cxd4 6. cxd4 d6 7. Bc4 Qc7 8. Bb3
Nc6 9. O-O Be7 10. Qe2 O-O 11. Qe4 Na5 12. Bc2 f5 13. exf6 Nxf6 14. Qd3 e5 15.
Qc3 Nc6 16. Bb3+ d5 17. dxe5 Bb4 18. Qc2 Ng4 19. Bxd5+ Kh8 20. h3 Ngxe5 21.
Nxe5 Qxe5 22. Qe4 Qd6 23. Nc3 Bf5 24. Qc4 Rac8 25. Bf4 Qg6 26. Bxc6 a5 27. Bg3
Rxc6 28. Qb5 Bd3 29. Qxb7 Bxf1 30. Rxf1 Bc5 31. Qb5 Rcc8 32. Qd3 Qxd3 0-1

[Event "DFMM-LV"]
[Site "Braunfels"]
[Date "2013.05.31"]
[Round "3.4"]
[White "Schulze, Dorothee"]
[Black "Zpevakova, Jana"]
[Result "1-0"]
[WhiteElo "1992"]
[BlackElo "1924"]
[PlyCount "139"]
[EventDate "2013.05.30"]
[EventType "team-swiss"]
[EventCountry "GER"]
[WhiteTeam "Niedersachsen"]
[BlackTeam "Wuerttemberg"]
[WhiteTeamCountry "GER"]
[BlackTeamCountry "GER"]

1. e4 e6 2. d4 d5 3. Nd2 c5 4. exd5 Qxd5 5. Ngf3 cxd4 6. Bc4 Qd6 7. O-O Nf6 8.
Nb3 Nc6 9. Nbxd4 Nxd4 10. Qxd4 Qxd4 11. Nxd4 a6 12. Bf4 Bc5 13. Rad1 O-O 14.
Nb3 Be7 15. Bd6 Bxd6 16. Rxd6 b5 17. Be2 Bb7 18. Nc5 Rfb8 19. Nxb7 Rxb7 20. Bf3
Nd5 21. Rxd5 exd5 22. Bxd5 Rab8 23. Bxb7 Rxb7 24. Rd1 Kf8 25. Kf1 Ke7 26. Ke2
Rb6 27. Rd3 h6 28. Rg3 g6 29. Re3+ Kd7 30. Rf3 f5 31. Kd2 Kc7 32. Rh3 Rd6+ 33.
Kc3 h5 34. Rd3 Re6 35. Re3 Rd6 36. b3 Kb6 37. Rd3 Re6 38. Kd2 Kc5 39. c3 Kc6
40. c4 bxc4 41. bxc4 Kc5 42. Kc3 Re2 43. Rd5+ Kc6 44. Rd2 Re8 45. Kb4 Rb8+ 46.
Ka5 Kc5 47. Kxa6 Kxc4 48. Ka5 Kc5 49. Rc2+ Kd6 50. a4 Kd7 51. Ka6 Rb4 52. a5
Rb8 53. Ka7 Rb5 54. a6 Rb3 55. Re2 Rb5 56. Re3 g5 57. Re2 h4 58. g3 hxg3 59.
fxg3 f4 60. gxf4 gxf4 61. Rf2 Rb4 62. h4 f3 63. h5 Kc8 64. Rxf3 Rh4 65. Rf5 Kc7
66. Rc5+ Kd8 67. Kb6 Rb4+ 68. Rb5 Ra4 69. a7 Kc8 70. h6 1-0

[Event "DFMM-LV"]
[Site "Braunfels"]
[Date "2013.05.31"]
[Round "3.5"]
[White "Zeller, Elisa"]
[Black "Markgraf, Claudia"]
[Result "0-1"]
[WhiteElo "1896"]
[BlackElo "1985"]
[PlyCount "94"]
[EventDate "2013.05.30"]
[EventType "team-swiss"]
[EventCountry "GER"]
[WhiteTeam "Wuerttemberg"]
[BlackTeam "Niedersachsen"]
[WhiteTeamCountry "GER"]
[BlackTeamCountry "GER"]

1. e4 Nf6 2. Nc3 d5 3. exd5 Nxd5 4. Bc4 e6 5. Nge2 c6 6. a4 Bc5 7. O-O O-O 8.
d4 Bd6 9. Ne4 Bxh2+ 10. Kxh2 Qh4+ 11. Kg1 Qxe4 12. Bd3 Qg4 13. c4 Ne7 14. f3
Qh4 15. g3 Qf6 16. Kg2 e5 17. dxe5 Qxe5 18. g4 Na6 19. Rh1 f5 20. f4 Qc5 21. b3
Nb4 22. Bb1 b5 23. Ba3 a5 24. Ng3 bxc4 25. bxc4 Be6 26. gxf5 Bxc4 27. Qh5 h6
28. Be4 Bd5 29. Rac1 Bxe4+ 30. Nxe4 Qxf5 31. Qxf5 Rxf5 32. Rhf1 Raf8 33. Rc4
Ned5 34. Rf3 Nxf4+ 35. Kh2 Nfd5 36. Rxf5 Rxf5 37. Rc5 Re5 38. Nd6 Rh5+ 39. Kg3
Rg5+ 40. Kh2 Nb6 41. Bxb4 axb4 42. Rxc6 Nxa4 43. Rc4 Rd5 44. Nc8 Rb5 45. Ne7+
Kf7 46. Nc6 b3 47. Rf4+ Kg6 0-1

[Event "DFMM-LV"]
[Site "Braunfels"]
[Date "2013.05.31"]
[Round "3.6"]
[White "Kickert, Germaine Helene"]
[Black "Weber, Sandra"]
[Result "1-0"]
[WhiteElo "1947"]
[BlackElo "1766"]
[PlyCount "59"]
[EventDate "2013.05.30"]
[EventType "team-swiss"]
[EventCountry "GER"]
[WhiteTeam "Niedersachsen"]
[BlackTeam "Wuerttemberg"]
[WhiteTeamCountry "GER"]
[BlackTeamCountry "GER"]

1. e4 c5 2. Nc3 Nc6 3. Nge2 g6 4. d4 cxd4 5. Nxd4 Bg7 6. Nb3 Nf6 7. Be2 b6 8.
O-O Bb7 9. Re1 O-O 10. Bg5 Rc8 11. Bf1 d6 12. Nd5 Nd7 13. c3 Nc5 14. Nd4 f6 15.
Bh4 e5 16. Nxc6 Bxc6 17. Bc4 Kh8 18. Qg4 b5 19. Bb3 Nxb3 20. axb3 Bxd5 21. exd5
Rc7 22. Qb4 g5 23. Bg3 f5 24. f3 Qd7 25. Ra6 Rf6 26. Bxe5 dxe5 27. Rxf6 Qc8 28.
Re6 Qd7 29. R6xe5 h6 30. Re7 1-0

[Event "DFMM-LV"]
[Site "Braunfels"]
[Date "2013.05.31"]
[Round "3.7"]
[White "Zpevakova, Katerina"]
[Black "Aden, Dagmar"]
[Result "0-1"]
[WhiteElo "1909"]
[BlackElo "1881"]
[PlyCount "100"]
[EventDate "2013.05.30"]
[EventType "team-swiss"]
[EventCountry "GER"]
[WhiteTeam "Wuerttemberg"]
[BlackTeam "Niedersachsen"]
[WhiteTeamCountry "GER"]
[BlackTeamCountry "GER"]

1. e4 c5 2. Nc3 Nc6 3. g3 g6 4. Bg2 Bg7 5. f4 d6 6. Nf3 Nf6 7. d3 O-O 8. O-O
Qb6 9. h3 e6 10. Ne2 c4+ 11. Kh2 cxd3 12. cxd3 Bd7 13. Rb1 Rac8 14. Nd2 Nb4 15.
Nc4 Qc7 16. Be3 b5 17. Nxd6 Qxd6 18. e5 Qa6 19. exf6 Bxf6 20. a3 Nd5 21. Bf2
Bc6 22. Nd4 Qb7 23. Nxc6 Rxc6 24. Qd2 Rfc8 25. Rfc1 Qc7 26. Rxc6 Qxc6 27. Bxa7
Qc2 28. Qxc2 Rxc2 29. Kg1 Bxb2 30. d4 Nc3 31. Re1 Ne2+ 32. Rxe2 Rxe2 33. Bc6
Bxa3 34. Bxb5 Rd2 35. Kf1 Bb2 36. Ke1 Bc3 37. Kf1 Bxd4 38. Bxd4 Rxd4 39. Ke2
Rb4 40. Bc6 Rb3 41. Kf2 Kg7 42. h4 h5 43. Ba4 Ra3 44. Bb5 f6 45. Bc4 e5 46. Be2
exf4 47. gxf4 Rh3 48. f5 Rxh4 49. fxg6 Rh2+ 50. Kf1 Rxe2 0-1

[Event "DFMM-LV"]
[Site "Braunfels"]
[Date "2013.05.31"]
[Round "3.8"]
[White "Braje, Monika"]
[Black "Yusuphanova, Sadi Carolin"]
[Result "0-1"]
[WhiteElo "1814"]
[BlackElo "1917"]
[PlyCount "86"]
[EventDate "2013.05.30"]
[EventType "team-swiss"]
[EventCountry "GER"]
[WhiteTeam "Niedersachsen"]
[BlackTeam "Wuerttemberg"]
[WhiteTeamCountry "GER"]
[BlackTeamCountry "GER"]

1. e4 c5 2. d4 cxd4 3. c3 dxc3 4. Nxc3 Nc6 5. Nf3 g6 6. Bc4 Bg7 7. O-O a6 8. a3
Nf6 9. Qe2 O-O 10. Rd1 b5 11. Ba2 Qc7 12. h3 d6 13. Bf4 Nh5 14. Bd2 Be6 15.
Bxe6 fxe6 16. Rac1 Nd4 17. Nxd4 Bxd4 18. Be1 Qa7 19. Rd2 Rf7 20. Nd1 Raf8 21.
Rcc2 e5 22. Qg4 Nf6 23. Qe2 Qb7 24. Rxd4 exd4 25. f3 Nd7 26. Qd3 e5 27. Bb4 Qb6
28. Kh2 a5 29. Be1 Nc5 30. Qd2 Ra8 31. Nf2 Qd8 32. Ng4 Kh8 33. Qh6 Qf8 34. Bh4
Qxh6 35. Nxh6 Kg7 36. Nxf7 Kxf7 37. b4 axb4 38. axb4 Ne6 39. Rc6 g5 40. Bf2 Ra2
41. Bg3 Ke7 42. Rb6 d3 43. Rxb5 Nd4 0-1

[Event "DFMM-LV"]
[Site "Braunfels"]
[Date "2013.05.31"]
[Round "3.2"]
[White "Benzen, Marthe"]
[Black "Daemering, Katrin"]
[Result "1/2-1/2"]
[WhiteElo "1923"]
[BlackElo "2043"]
[PlyCount "92"]
[EventDate "2013.05.30"]
[EventType "team-swiss"]
[EventCountry "GER"]
[WhiteTeam "Schleswig Holstein"]
[BlackTeam "Sachsen"]
[WhiteTeamCountry "GER"]
[BlackTeamCountry "GER"]

1. e4 c5 2. Nc3 d6 3. Bc4 a6 4. a4 Nc6 5. f4 e6 6. Nf3 Nge7 7. d3 g6 8. O-O Bg7
9. Qe1 Nd4 10. Nxd4 cxd4 11. Ne2 O-O 12. Ng3 d5 13. Bb3 dxe4 14. dxe4 d3 15.
Kh1 dxc2 16. Bxc2 Nc6 17. Rb1 Nd4 18. Bd1 b5 19. Bd2 Bb7 20. Bc3 Rc8 21. Qe3
Rc4 22. axb5 axb5 23. Rf2 b4 24. Be1 Qc7 25. e5 Rd8 26. Bd2 Bf8 27. Ne4 Bxe4
28. Qxe4 Nf5 29. Qe1 Rcd4 30. Bf3 Qd7 31. Bc1 Nh4 32. Be3 Nxf3 33. Rxf3 Re4 34.
Qg1 Bh6 35. g3 Qd5 36. Kg2 Rc8 37. Rd1 Rc2+ 38. Kh3 Rd4 39. Rxd4 Qxf3 40. Rd8+
Kg7 41. Rd2 b3 42. Qf2 Qe4 43. g4 Rxd2 44. Bxd2 Kg8 45. g5 Bf8 46. Kg3 Qd5
1/2-1/2

[Event "DFMM-LV"]
[Site "Braunfels"]
[Date "2013.05.31"]
[Round "3.3"]
[White "Nagel, Verena"]
[Black "Leib, Britta"]
[Result "1/2-1/2"]
[WhiteElo "2013"]
[BlackElo "1942"]
[PlyCount "91"]
[EventDate "2013.05.30"]
[EventType "team-swiss"]
[EventCountry "GER"]
[WhiteTeam "Sachsen"]
[BlackTeam "Schleswig Holstein"]
[WhiteTeamCountry "GER"]
[BlackTeamCountry "GER"]

1. d4 Nf6 2. Nf3 g6 3. e3 Bg7 4. Bc4 d5 5. Bb3 O-O 6. Nbd2 b6 7. c3 Ba6 8. Ne5
Qd6 9. Qf3 Nbd7 10. Nxd7 Qxd7 11. c4 e6 12. O-O c5 13. dxc5 bxc5 14. Re1 Bb7
15. Qh3 Qe7 16. Qh4 Qc7 17. f3 Rfd8 18. Kh1 Qa5 19. a3 Qb6 20. Rb1 a5 21. Bc2
Ba6 22. b3 d4 23. Ne4 Ne8 24. exd4 cxd4 25. Bd3 Qc7 26. Ng5 h6 27. Ne4 h5 28.
Bg5 Rdc8 29. Ng3 Qd7 30. Ne4 Qc7 31. Re2 Qa7 32. Nf6+ Nxf6 33. Bxf6 Qd7 34.
Rbe1 a4 35. Bxg7 Kxg7 36. Qg3 Re8 37. Re5 axb3 38. Rg5 Rg8 39. Rxh5 Rae8 40.
Qg5 Kf8 41. Rh7 Rc8 42. Qh6+ Ke8 43. Rh8 Rxh8 44. Qxh8+ Ke7 45. Qh4+ Kf8 46.
Qh8+ 1/2-1/2

[Event "DFMM-LV"]
[Site "Braunfels"]
[Date "2013.05.31"]
[Round "3.4"]
[White "Freter, Anke"]
[Black "Just, Anita"]
[Result "0-1"]
[WhiteElo "1914"]
[BlackElo "1988"]
[PlyCount "108"]
[EventDate "2013.05.30"]
[EventType "team-swiss"]
[EventCountry "GER"]
[WhiteTeam "Schleswig Holstein"]
[BlackTeam "Sachsen"]
[WhiteTeamCountry "GER"]
[BlackTeamCountry "GER"]

1. e4 e6 2. d4 d5 3. e5 c5 4. c3 Nc6 5. Nf3 Qb6 6. a3 Bd7 7. b4 cxd4 8. cxd4
Nge7 9. Nc3 Nf5 10. Na4 Qc7 11. Bb2 Rc8 12. Bd3 g6 13. g4 Nfe7 14. Rc1 Qb8 15.
Nc5 h5 16. Ng5 Nd8 17. Qf3 hxg4 18. Nxd7 Rxc1+ 19. Bxc1 Kxd7 20. Bb5+ Nec6 21.
Qxg4 a6 22. Bxc6+ bxc6 23. Qf3 Be7 24. h4 Qb5 25. Qe2 Qb6 26. Nf3 a5 27. bxa5
Qxa5+ 28. Qd2 Qxd2+ 29. Kxd2 c5 30. Kc3 cxd4+ 31. Kxd4 Nc6+ 32. Kd3 Rh5 33. Re1
Bxh4 34. Nxh4 Rxh4 35. f4 Rh3+ 36. Re3 Rh1 37. Kc2 Nd4+ 38. Kb2 Rh2+ 39. Kb1
Ne2 40. Bd2 Nxf4 41. Bb4 Rh3 42. Rxh3 Nxh3 43. Kc2 Kc6 44. Kd3 Ng5 45. Ke3 Kb5
46. Kf4 Ne4 47. Ke3 Kc4 48. Be7 Nc3 49. Kd2 Kb3 50. Ke3 Nb5 51. Kf4 Nxa3 52.
Bc5 Nc4 53. Bd4 Nd2 54. Kg5 Nf3+ 0-1

[Event "DFMM-LV"]
[Site "Braunfels"]
[Date "2013.05.31"]
[Round "3.5"]
[White "Nobis, Martina"]
[Black "Hielscher, Ursula"]
[Result "0-1"]
[WhiteElo "1881"]
[BlackElo "1904"]
[PlyCount "88"]
[EventDate "2013.05.30"]
[EventType "team-swiss"]
[EventCountry "GER"]
[WhiteTeam "Sachsen"]
[BlackTeam "Schleswig Holstein"]
[WhiteTeamCountry "GER"]
[BlackTeamCountry "GER"]

1. e4 e6 2. d4 d5 3. Nc3 Bb4 4. e5 c5 5. Bd2 a6 6. a3 cxd4 7. axb4 dxc3 8. Bxc3
Bd7 9. Qg4 g6 10. Bd3 Nc6 11. Nf3 d4 12. Bd2 Qc7 13. Qg3 Qb6 14. c3 dxc3 15.
bxc3 Na7 16. O-O Bb5 17. c4 Qd8 18. Ra3 Bc6 19. Bg5 Qc8 20. Nd4 Bd7 21. Be2 h6
22. Be3 Ne7 23. Rfa1 Nac6 24. Nxc6 Bxc6 25. Bb6 Nf5 26. Qf4 g5 27. Qd2 O-O 28.
b5 Be8 29. f4 f6 30. exf6 Qd7 31. Rd3 Qf7 32. fxg5 hxg5 33. Bc5 Qxf6 34. Rf1
Rf7 35. g4 Qe5 36. Bb4 Nh4 37. Rxf7 Kxf7 38. Re3 Qa1+ 39. Bf1 axb5 40. Qf2+ Qf6
41. Qe2 Bc6 42. Bc3 Qf4 43. Be5 Nf3+ 44. Kf2 Nxe5+ 0-1

[Event "DFMM-LV"]
[Site "Braunfels"]
[Date "2013.05.31"]
[Round "3.6"]
[White "Knof, Henrike"]
[Black "Neumeyer, Hannelore"]
[Result "0-1"]
[WhiteElo "1547"]
[BlackElo "1987"]
[PlyCount "64"]
[EventDate "2013.05.30"]
[EventType "team-swiss"]
[EventCountry "GER"]
[WhiteTeam "Schleswig Holstein"]
[BlackTeam "Sachsen"]
[WhiteTeamCountry "GER"]
[BlackTeamCountry "GER"]

1. e4 c6 2. d4 d5 3. e5 Bf5 4. Nf3 e6 5. Be2 Be7 6. b3 g5 7. Bb2 h5 8. Nfd2 Bg6
9. h3 a5 10. a4 Na6 11. c3 Nc7 12. Na3 Qd7 13. Qc1 Nh6 14. g4 hxg4 15. hxg4
O-O-O 16. c4 Na6 17. c5 Nb4 18. Bc3 Nd3+ 19. Bxd3 Bxd3 20. Rg1 Qc7 21. Nb5 cxb5
22. axb5 Bxb5 23. Bxa5 Qc6 24. Bxd8 Bxd8 25. Nf3 Kd7 26. Nxg5 f6 27. Nf3 Ba6
28. exf6 Nxg4 29. Ne5+ Nxe5 30. dxe5 d4 31. Ra4 Qe4+ 32. Kd1 Qe2# 0-1